Kurtuluş Savaşı ve Atatürk (Record no. 3049)

MARC details
000 -BAŞLIK
Sabit Uzunlukta Kontrol Alanı 00631na a2200217 4500
001 - KONTROL NUMARASI
Denetim Alanı 14075
003 - KONTROL NUMARASI IDENTIFIER
Denetim Alanı MIRAKIL
005 - SON İŞLEM TARİHİ VE ZAMANI
Denetim Alanı 20181213154918.0
008 - SABİT-BOY VERİ ELEMANLARI - GENEL BİLGİLER
Sabit Uzunlukta Kontrol Alanı 160823b tu 000 0
020 ## - ULUSLARARASI STANDART KİTAP NUMARASI
Uluslararası Standart Kitap Numarası 9757639141
035 ## - SİSTEM KONTROL NUMARASI
Sistem Kontrol Numarası 14075
040 ## - KATALOGLAMA KAYNAK
Orijinal Kataloglama Ajansı Milas
Kataloglama Dili tur
Metne Dönüştürmek Ajansı TR-AnCHP
082 ## - DEWEY ONLU SINIFLANDIRMA NUMARASI
Sınıflandırma Numarası ATA 956.1024
Ürün Numarası B29k 1990
090 ## - SINIFLAMA NUMARASI
Sınıflama Numarası ATA 956.1024 B29k 1990
100 ## - ANA GİRİŞ - KİŞİSEL İSİM
Kişisel Ad Bayrak, M. Orhan
245 ## - BAŞLIK TABLOSU
Başlık Kurtuluş Savaşı ve Atatürk
Sorumluluk Tablosu, Vb M. Orhan Bayrak
260 ## - YAYIN, DAĞITIM, VB
Yayın, Dağıtım, Vb Yeri İstanbul
Yayıncı, Dağıtıcı, Vs Adı Kastaş A.Ş Yayınları
Yayın, Dağıtım, Vb Tarihi 1990
300 ## - FİZİKSEL TANIM
Kapsam 249 s.
Boyutlar 19 sm.
600 ## - KONU KATMA GİRİŞ - KURUMSAL ADI
Kişisel Ad Atatürk, Mustafa Kemal
Bir Adıyla İlişkilendirilen Tarihler 1881-1938
Genel Alt Bölümü Kurtuluş Savaşı
-- Kronoloji
942 ## - EKLENDİ GİRİŞ ELEMANLARI (KOHA)
Sınıflandırma Veya Raf Düzeni Kaynak Dewey Decimal Classification
Koha Öğesi Türü Books
999 ## - SİSTEM KONTROL NUMARALARI (KOHA)
Koha Biblionumber 3049
Koha Biblioitemnumber 3049
Holdings
Kalıcı Konum Mevcut Konum Edinme Tarihi Edinim Kaynak Toplam Check-Out'Lar Tam Çağrı Numarası Barkod Tarih Son Görülme İtibaren Geçerli Fiyatlar Koha Öğesi Türü
CHP Kütüphanesi CHP Kütüphanesi 08/23/2016 Bağış   ATA 956.1024 B29k 1990 001798 08/23/2016 08/23/2016 Books